KOHA-Header-6

Let Us C (Record no. 2039)

000 -LEADER
fixed length control field 00313nam a2200133Ia 4500
008 - FIXED-LENGTH DATA ELEMENTS--GENERAL INFORMATION
fixed length control field 190723s9999 xx 000 0 und d
020 ## - INTERNATIONAL STANDARD BOOK NUMBER
International Standard Book Number 978-81-8333-163-0
100 ## - MAIN ENTRY--PERSONAL NAME
Personal name Yashavant Kanetkar
245 #0 - TITLE STATEMENT
Title Let Us C
250 ## - EDITION STATEMENT
Edition statement 15nth
260 ## - PUBLICATION, DISTRIBUTION, ETC. (IMPRINT)
Place of publication, distribution, etc New Delhi
Name of publisher, distributor, etc BPB Publications
Date of publication, distribution, etc 2017
300 ## - PHYSICAL DESCRIPTION
Extent 632:p
942 ## - ADDED ENTRY ELEMENTS (KOHA)
Koha item type Books
Holdings
Withdrawn status Lost status Damaged status Not for loan Collection code Permanent Location Current Location Shelving location Date acquired Total Checkouts Total Renewals Full call number Barcode Checked out Date last seen Date checked out Price effective from Koha item type
        Computer Languages MAJU MAJU Shelf No.A33 2019-07-23 10 4 5.133 8662 2022-01-19 2022-01-12 2022-01-12 2019-07-23 Computer Languages

Powered by Koha